| 000 | 01460cam a22003615a 4500 | ||
|---|---|---|---|
| 005 | 20201128013305.0 | ||
| 008 | 090317s2007 nyua|||frb||| 001 0 eng d | ||
| 010 | _a 2005050532 | ||
| 020 | _a9780071107341 | ||
| 020 | _a0071107347 (InternaTIONAL student ed.) | ||
| 020 | _a0073214558 (annotated instructor's ed. : alk. paper) | ||
| 040 |
_aEG-ScBUE _beng _cEG-ScBUE |
||
| 082 | 0 | 4 |
_a658.15 _bROS _222 |
| 100 | 1 |
_aRoss, Stephen A. _92319 |
|
| 245 | 1 | 0 |
_aCorporate finance essentials / _cStephen A. Ross, Randolph W. Westerfield, Bradford D. Jordan. |
| 250 | _a5th ed. | ||
| 260 |
_aNew York : _bMcGraw-Hill/Irwin, _cc.2007. |
||
| 300 |
_ap. : _bill. (some col.) ; _c24 cm. |
||
| 490 | _aThe McGraw-Hill/Irwin series in finance, insurance, and real estate | ||
| 500 | _aIncludes indexes . | ||
| 500 | _aInclude glossary. | ||
| 504 | _aIncludes bibliographical references. | ||
| 590 | _adoaa mohamed | ||
| 650 | 0 |
_aCorporations _xFinance. _92321 _2BUEsh |
|
| 651 | _2BUEsh | ||
| 653 | _bBUSECO | ||
| 700 | 1 |
_aWesterfield, Randolph. _92322 |
|
| 700 | 1 |
_92323 _aJordan, Bradford D. |
|
| 856 | 4 | 1 |
_3Table of contents only _uhttp://www.loc.gov/catdir/enhancements/fy0625/2005050532-t.html |
| 856 | 4 | 1 |
_3Publisher description _uhttp://www.loc.gov/catdir/enhancements/fy0632/2005050532-d.html |
| 856 | 4 | 1 |
_3Contributor biographical information _uhttp://www.loc.gov/catdir/enhancements/fy0737/2005050532-b.html |
| 942 |
_cTB _k658.15ROS _2ddc |
||
| 999 |
_c4911 _d4911 |
||